000 01909nam a2200265 i 4500
001 BPP
003 BPK
005 20171114095556.0
008 141215s1982 pl f |000 0 pol
040 _cBPK
080 _a628.16
100 _aMALEJ, Józef.
_d1971 - 1996.
_bWyższa Szkoła Inżynierska w Koszalinie - Instytut Inżynierii Środowiska,
_cZakład Technologii Wody i Ścieków
245 _aTechnologia uzdatniania wody podziemnej miasta Bobolice /
_cDanuta Karasiewicz, Zdzisław Kurowski, Józef Madej, Michał Paprzycki, Krzysztof Rajewicz, Henryk Rosiński.
260 _aKoszalin,
_c1982.
500 _aDane z autopsji.
520 _aCelem opracowania było ustalenie podstawowych parametrów technologicznych uzdatniania wody podziemnej przeznaczonej dla celów pitnych w Bobolicach. Zakres prac badawczych obejmował charakterystykę jakościową wody: napowietrzanie wody, odżelazianie i odmanganianie wody oraz chlorowanie wody.
650 0 _aUzdatnianie wody.
650 0 _aDezynfekcja.
700 _aKARASIEWICZ, Danuta.
_d1972 - 1996.
_bWyższa Szkoła Inżynierska w Koszalinie - Instytut Inżynierii Środowiska,
_cZakład Technologii Wody i Ścieków
700 _aKUROWSKI, Zdzisław.
_d1979 - 1993.
_bWyższa Szkoła Inżynierska w Koszalinie - Instytut Inżynierii Środowiska,
_cZakład Technologii Wody i Ścieków
700 _aPAPRZYCKI, Michał.
_d1976 - 1982.
_bWyższa Szkoła Inżynierska w Koszalinie - Instytut Inżynierii Środowiska,
_cZakład Technologii Wody i Ścieków
700 _aRAJEWICZ, Krzysztof.
_d1978 - 1991.
_bWyższa Szkoła Inżynierska w Koszalinie - Instytut Inżynierii Środowiska,
_cZakład Technologii Wody i Ścieków
700 _aROSIŃSKI, Henryk.
_d1980 - 1991.
_bWyższa Szkoła Inżynierska w Koszalinie - Instytut Inżynierii Środowiska,
_cZakład Technologii Wody i Ścieków
942 _cMN
_2UKD
999 _c1902
_d1902